[Event "Irena Warakomska Memorial B"]
[Site "Suwalki"]
[Date "2020.08.11"]
[Round "7"]
[White "Rak, Tomasz"]
[Black "Wolagiewicz, Kinga"]
[Result "1-0"]
[Board "1"]
[WhiteElo "1882"]
[WhiteCountry "POL"]
[WhiteFideId "1133560"]
[WhiteEloChange "6"]
[BlackElo "1719"]
[BlackCountry "POL"]
[BlackFideId "1195212"]
[BlackEloChange "-6"]

1. d4 {[%clk 1:30:59]} d5 {[%clk 1:30:53]} 2. e3 {[%clk 1:31:09]} Nf6 {[%clk
1:31:00]} 3. Bd3 {[%clk 1:31:26]} e6 {[%clk 1:30:13]} 4. Nd2 {[%clk 1:31:40]} c5
{[%clk 1:29:00]} 5. c3 {[%clk 1:31:55]} Nbd7 {[%clk 1:27:47]} 6. f4 {[%clk
1:31:44]} b6 {[%clk 1:20:41]} 7. Qf3 {[%clk 1:28:48]} h5 {[%clk 1:10:56]} 8. Nh3
{[%clk 1:25:54]} Bb7 {[%clk 1:04:51]} 9. Ng5 {[%clk 1:21:57]} cxd4 {[%clk
0:59:16]} 10. exd4 {[%clk 1:21:53]} Bd6 {[%clk 0:57:59]} 11. O-O {[%clk 1:14:26]}
Qe7 {[%clk 0:54:04]} 12. Qh3 {[%clk 1:09:22]} Ng4 {[%clk 0:52:07]} 13. Ndf3
{[%clk 1:08:08]} Ndf6 {[%clk 0:45:52]} 14. Bb5+ {[%clk 1:02:15]} Kd8 {[%clk
0:43:24]} 15. Ne5 {[%clk 1:00:49]} Rf8 {[%clk 0:38:17]} 16. Be2 {[%clk 0:59:47]}
Kc7 {[%clk 0:33:09]} 17. Nxg4 {[%clk 0:52:00]} hxg4 {[%clk 0:32:39]} 18. Bxg4
{[%clk 0:52:18]} Rh8 {[%clk 0:31:43]} 19. Qf3 {[%clk 0:46:38]} Nxg4 {[%clk
0:25:27]} 20. Qxg4 {[%clk 0:47:01]} Rh6 {[%clk 0:25:53]} 21. Qe2 {[%clk 0:42:24]}
Rah8 {[%clk 0:24:02]} 22. h3 {[%clk 0:42:19]} Bc8 {[%clk 0:19:17]} 23. Bd2 {[%clk
0:41:55]} Qf6 {[%clk 0:14:31]} 24. a4 {[%clk 0:41:01]} Qf5 {[%clk 0:10:35]} 25.
a5 {[%clk 0:38:51]} Rg6 {[%clk 0:09:38]} 26. axb6+ {[%clk 0:38:24]} Kxb6 {[%clk
0:10:04]} 27. c4 {[%clk 0:34:52]} dxc4 {[%clk 0:06:58]} 28. Qxc4 {[%clk 0:31:05]}
a6 {[%clk 0:03:53]} 29. Ra5 {[%clk 0:29:20]} Rxg5 {[%clk 0:01:29]} 30. fxg5
{[%clk 0:24:43]} Qe4 {[%clk 0:01:37]} 31. Rfa1 {[%clk 0:18:40]} Qb7 {[%clk
0:01:26]} 32. d5 {[%clk 0:16:25]} exd5 {[%clk 0:01:11]} 33. Be3+ {[%clk 0:16:28]}
Bc5 {[%clk 0:01:06]} 34. Qxc5# {[%clk 0:16:50]} 1-0

[Event "Irena Warakomska Memorial B"]
[Site "Suwalki"]
[Date "2020.08.11"]
[Round "7"]
[White "Kaminski, Maciej"]
[Black "Wierzbicki, Michal"]
[Result "0-1"]
[Board "2"]
[WhiteElo "1840"]
[WhiteCountry "POL"]
[WhiteFideId "1175521"]
[WhiteEloChange "-10"]
[BlackElo "1849"]
[BlackCountry "POL"]
[BlackFideId "1185152"]
[BlackEloChange "10"]

1. e4 {[%clk 1:30:56]} e6 {[%clk 1:30:58]} 2. d4 {[%clk 1:31:20]} d5 {[%clk
1:31:27]} 3. Nc3 {[%clk 1:31:44]} Nf6 {[%clk 1:31:15]} 4. e5 {[%clk 1:32:08]}
Nfd7 {[%clk 1:31:41]} 5. f4 {[%clk 1:32:33]} c5 {[%clk 1:32:06]} 6. Nf3 {[%clk
1:32:59]} Nc6 {[%clk 1:32:32]} 7. Be3 {[%clk 1:33:24]} a6 {[%clk 1:31:44]} 8. Qd2
{[%clk 1:32:30]} b5 {[%clk 1:30:51]} 9. dxc5 {[%clk 1:32:31]} Bxc5 {[%clk
1:29:55]} 10. Bd3 {[%clk 1:32:50]} Qb6 {[%clk 1:26:58]} 11. Bf2 {[%clk 1:33:10]}
Bb7 {[%clk 1:22:37]} 12. O-O {[%clk 1:32:04]} Bxf2+ {[%clk 1:22:06]} 13. Qxf2
{[%clk 1:32:15]} g6 {[%clk 1:20:34]} 14. a4 {[%clk 1:27:21]} Qxf2+ {[%clk
1:17:56]} 15. Kxf2 {[%clk 1:25:53]} b4 {[%clk 1:18:04]} 16. Ne2 {[%clk 1:25:52]}
Nc5 {[%clk 1:15:42]} 17. Ke3 {[%clk 1:20:10]} O-O {[%clk 1:08:22]} 18. Ned4
{[%clk 1:15:24]} f6 {[%clk 0:57:37]} 19. exf6 {[%clk 1:05:21]} Rxf6 {[%clk
0:57:16]} 20. Ne5 {[%clk 1:04:35]} Nxe5 {[%clk 0:56:05]} 21. fxe5 {[%clk
1:04:57]} Rxf1 {[%clk 0:56:09]} 22. Rxf1 {[%clk 0:49:05]} Nxa4 {[%clk 0:53:51]}
23. Nxe6 {[%clk 0:47:03]} Nxb2 {[%clk 0:40:44]} 24. Kd4 {[%clk 0:47:24]} Nxd3
{[%clk 0:37:43]} 25. cxd3 {[%clk 0:47:46]} a5 {[%clk 0:35:49]} 26. Nc5 {[%clk
0:45:54]} Bc6 {[%clk 0:35:53]} 27. Rf6 {[%clk 0:44:45]} Rc8 {[%clk 0:35:02]} 28.
g4 {[%clk 0:11:22]} a4 {[%clk 0:25:11]} 29. e6 {[%clk 0:11:45]} Rf8 {[%clk
0:17:55]} 30. g5 {[%clk 0:10:11]} a3 {[%clk 0:08:41]} 31. Ke5 {[%clk 0:00:56]} a2
{[%clk 0:02:17]} 32. Nb3 {[%clk 0:00:57]} Ba4 {[%clk 0:01:43]} 33. e7 {[%clk
0:00:53]} Rb8 {[%clk 0:00:34]} 34. Na1 {[%clk 0:00:35]} b3 {[%clk 0:00:49]} 35.
Rd6 {[%clk 0:00:41]} b2 {[%clk 0:00:53]} 36. Rd8+ {[%clk 0:01:08]} Be8 {[%clk
0:00:40]} 37. Nb3 {[%clk 0:00:42]} b1=Q {[%clk 0:00:38]} 38. Rxb8 {[%clk
0:00:50]} a1=Q+ {[%clk 0:01:00]} 39. Nd4 {[%clk 0:00:49]} Qxb8+ {[%clk 0:01:24]}
0-1

[Event "Irena Warakomska Memorial B"]
[Site "Suwalki"]
[Date "2020.08.11"]
[Round "7"]
[White "Sapinski, Sebastian"]
[Black "Widelski, Kacper"]
[Result "1-0"]
[Board "5"]
[WhiteElo "1599"]
[WhiteCountry "POL"]
[WhiteFideId "21817340"]
[WhiteEloChange "17"]
[BlackElo "1879"]
[BlackCountry "POL"]
[BlackFideId "1159950"]
[BlackEloChange "-17"]

1. e4 {[%clk 1:30:58]} c5 {[%clk 1:30:52]} 2. Nf3 {[%clk 1:31:23]} Nc6 {[%clk
1:31:17]} 3. d4 {[%clk 1:31:35]} cxd4 {[%clk 1:31:40]} 4. Nxd4 {[%clk 1:31:57]}
Nf6 {[%clk 1:32:04]} 5. Nc3 {[%clk 1:31:15]} e5 {[%clk 1:32:27]} 6. Ndb5 {[%clk
1:30:52]} d6 {[%clk 1:32:49]} 7. Bg5 {[%clk 1:31:09]} a6 {[%clk 1:33:12]} 8. Na3
{[%clk 1:31:30]} b5 {[%clk 1:33:36]} 9. Nd5 {[%clk 1:30:43]} Be7 {[%clk 1:33:59]}
10. Bxf6 {[%clk 1:30:55]} Bxf6 {[%clk 1:34:23]} 11. c3 {[%clk 1:30:06]} O-O
{[%clk 1:34:45]} 12. Be2 {[%clk 1:28:48]} Bg5 {[%clk 1:35:01]} 13. Nc2 {[%clk
1:20:25]} Be6 {[%clk 1:34:46]} 14. O-O {[%clk 1:14:25]} Ne7 {[%clk 1:32:19]} 15.
Ncb4 {[%clk 1:10:18]} Nxd5 {[%clk 1:18:03]} 16. Nxd5 {[%clk 1:09:02]} Rb8 {[%clk
1:10:56]} 17. b3 {[%clk 1:01:10]} g6 {[%clk 1:04:17]} 18. a4 {[%clk 0:57:58]}
bxa4 {[%clk 0:55:54]} 19. Rxa4 {[%clk 0:57:59]} a5 {[%clk 0:56:12]} 20. Bc4
{[%clk 0:57:24]} h5 {[%clk 0:51:10]} 21. Qd3 {[%clk 0:54:30]} h4 {[%clk 0:37:02]}
22. Rfa1 {[%clk 0:53:42]} h3 {[%clk 0:29:50]} 23. g3 {[%clk 0:53:46]} Kh8 {[%clk
0:18:24]} 24. Rxa5 {[%clk 0:49:22]} f5 {[%clk 0:15:10]} 25. Ra7 {[%clk 0:46:31]}
f4 {[%clk 0:11:02]} 26. Nxf4 {[%clk 0:44:15]} exf4 {[%clk 0:05:22]} 27. Bxe6
{[%clk 0:43:21]} Qf6 {[%clk 0:05:19]} 28. Qd4 {[%clk 0:41:54]} fxg3 {[%clk
0:05:27]} 29. hxg3 {[%clk 0:40:45]} Qxd4 {[%clk 0:03:23]} 30. cxd4 {[%clk
0:41:03]} Rf3 {[%clk 0:01:33]} 31. Rc7 {[%clk 0:35:25]} Bd8 {[%clk 0:00:43]} 32.
Rd7 {[%clk 0:34:37]} Bb6 {[%clk 0:00:53]} 33. Rxd6 {[%clk 0:33:32]} Kg7 {[%clk
0:01:10]} 34. Ra6 {[%clk 0:32:19]} Bd8 {[%clk 0:01:39]} 35. Bxh3 {[%clk 0:32:23]}
1-0

[Event "Irena Warakomska Memorial B"]
[Site "Suwalki"]
[Date "2020.08.11"]
[Round "7"]
[White "Cwiek, Ryszard"]
[Black "Stefaniuk, Zbigniew"]
[Result "1/2-1/2"]
[Board "7"]
[WhiteElo "1867"]
[WhiteCountry "POL"]
[WhiteFideId "21840920"]
[WhiteEloChange "-7"]
[BlackElo "1538"]
[BlackCountry "POL"]
[BlackFideId "21894949"]
[BlackEloChange "7"]

1. e4 {[%clk 1:30:57]} c5 {[%clk 1:30:47]} 2. Ne2 {[%clk 1:30:32]} Nc6 {[%clk
1:30:45]} 3. g3 {[%clk 1:30:54]} d5 {[%clk 1:30:15]} 4. Bg2 {[%clk 1:30:47]} dxe4
{[%clk 1:29:42]} 5. Bxe4 {[%clk 1:31:15]} Nf6 {[%clk 1:29:09]} 6. Bg2 {[%clk
1:31:17]} Bf5 {[%clk 1:27:50]} 7. d3 {[%clk 1:30:06]} e6 {[%clk 1:26:56]} 8. Na3
{[%clk 1:27:33]} Be7 {[%clk 1:25:08]} 9. Nc4 {[%clk 1:20:25]} h6 {[%clk 1:22:04]}
10. Bf4 {[%clk 1:13:49]} O-O {[%clk 1:15:22]} 11. O-O {[%clk 1:11:41]} Nd5 {[%clk
1:11:03]} 12. Ne3 {[%clk 0:56:14]} Bh7 {[%clk 1:01:30]} 13. Nxd5 {[%clk 0:41:44]}
exd5 {[%clk 1:01:44]} 14. Nc3 {[%clk 0:41:27]} d4 {[%clk 0:55:54]} 15. Nd5 {[%clk
0:41:47]} Bd6 {[%clk 0:54:52]} 16. Qh5 {[%clk 0:29:56]} Bg6 {[%clk 0:42:59]} 17.
Qg4 {[%clk 0:29:05]} h5 {[%clk 0:41:04]} 18. Qd1 {[%clk 0:28:16]} Ne7 {[%clk
0:38:30]} 19. Nxe7+ {[%clk 0:20:52]} Qxe7 {[%clk 0:38:28]} 20. Re1 {[%clk
0:20:35]} Qc7 {[%clk 0:37:14]} 21. Bxd6 {[%clk 0:20:30]} Qxd6 {[%clk 0:37:30]}
22. b3 {[%clk 0:19:52]} Qc7 {[%clk 0:30:00]} 23. Be4 {[%clk 0:14:48]} Rae8 {[%clk
0:22:21]} 24. Qf3 {[%clk 0:11:40]} Qa5 {[%clk 0:20:11]} 25. Re2 {[%clk 0:10:19]}
Qc3 {[%clk 0:17:05]} 26. Rae1 {[%clk 0:09:34]} Bxe4 {[%clk 0:16:03]} 27. Rxe4
{[%clk 0:10:02]} Qxe1+ {[%clk 0:16:01]} 28. Rxe1 {[%clk 0:10:30]} Rxe1+ {[%clk
0:16:29]} 29. Kg2 {[%clk 0:10:50]} b6 {[%clk 0:13:36]} 30. Qb7 {[%clk 0:10:41]}
Re2 {[%clk 0:12:22]} 31. Qxa7 {[%clk 0:10:15]} Rxc2 {[%clk 0:12:36]} 32. Qxb6
{[%clk 0:10:11]} Re8 {[%clk 0:11:52]} 33. a4 {[%clk 0:02:22]} Ree2 {[%clk
0:11:40]} 34. Qb8+ {[%clk 0:02:24]} Kh7 {[%clk 0:11:58]} 35. Qf4 {[%clk 0:02:33]}
Kg6 {[%clk 0:08:28]} 36. h3 {[%clk 0:02:10]} f6 {[%clk 0:06:21]} 37. g4 {[%clk
0:02:19]} hxg4 {[%clk 0:06:07]} 38. hxg4 {[%clk 0:02:47]} Re5 {[%clk 0:04:06]}
39. Qf3 {[%clk 0:01:13]} Rb2 {[%clk 0:02:44]} 40. a5 {[%clk 0:31:03]} Ra2 {[%clk
0:32:33]} 41. Qa8 {[%clk 0:30:12]} Ree2 {[%clk 0:31:08]} 42. Kg3 {[%clk 0:11:09]}
Rxf2 {[%clk 0:30:19]} 43. Qe8+ {[%clk 0:06:50]} Kh7 {[%clk 0:30:04]} 44. Qh5+
{[%clk 0:05:20]} Kg8 {[%clk 0:30:15]} 45. Qd5+ {[%clk 0:03:34]} Kh7 {[%clk
0:30:12]} 46. a6 {[%clk 0:01:13]} Rfe2 {[%clk 0:29:19]} 47. Qh5+ {[%clk 0:00:40]}
1/2-1/2

[Event "Irena Warakomska Memorial B"]
[Site "Suwalki"]
[Date "2020.08.11"]
[Round "7"]
[White "Milewski, Karol"]
[Black "Czech, Mieczyslaw"]
[Result "1/2-1/2"]
[Board "8"]
[WhiteElo "1795"]
[WhiteCountry "POL"]
[WhiteFideId "1143085"]
[WhiteEloChange "2"]
[BlackElo "1863"]
[BlackCountry "POL"]
[BlackFideId "1118862"]
[BlackEloChange "-2"]

1. d4 {[%clk 1:30:52]} d5 {[%clk 1:30:39]} 2. c4 {[%clk 1:31:12]} e6 {[%clk
1:30:57]} 3. Nc3 {[%clk 1:31:28]} Nf6 {[%clk 1:30:52]} 4. cxd5 {[%clk 1:31:14]}
exd5 {[%clk 1:31:10]} 5. Bg5 {[%clk 1:31:25]} Be7 {[%clk 1:31:20]} 6. e3 {[%clk
1:31:21]} c6 {[%clk 1:31:37]} 7. Bd3 {[%clk 1:31:33]} O-O {[%clk 1:31:48]} 8.
Nge2 {[%clk 1:31:08]} Re8 {[%clk 1:30:28]} 9. O-O {[%clk 1:30:48]} Nbd7 {[%clk
1:30:48]} 10. Qc2 {[%clk 1:29:11]} Nf8 {[%clk 1:28:48]} 11. Rab1 {[%clk 1:24:24]}
Be6 {[%clk 1:16:56]} 12. b4 {[%clk 1:21:13]} Rc8 {[%clk 1:16:55]} 13. f3 {[%clk
1:13:35]} Nh5 {[%clk 1:09:18]} 14. Bxe7 {[%clk 1:11:09]} Qxe7 {[%clk 1:09:16]}
15. a3 {[%clk 1:06:53]} g6 {[%clk 1:05:08]} 16. e4 {[%clk 1:01:02]} dxe4 {[%clk
0:56:29]} 17. fxe4 {[%clk 0:57:27]} Qg5 {[%clk 0:55:59]} 18. Qc1 {[%clk 0:47:56]}
Qxc1 {[%clk 0:53:52]} 19. Rbxc1 {[%clk 0:45:33]} g5 {[%clk 0:50:12]} 20. e5
{[%clk 0:34:20]} Bd5 {[%clk 0:41:10]} 21. g4 {[%clk 0:24:31]} Ng7 {[%clk
0:41:05]} 22. Nxd5 {[%clk 0:24:17]} cxd5 {[%clk 0:40:57]} 23. Nc3 {[%clk
0:24:05]} Rcd8 {[%clk 0:33:57]} 24. Nb5 {[%clk 0:22:36]} Nge6 {[%clk 0:30:50]}
25. Nd6 {[%clk 0:20:27]} Re7 {[%clk 0:27:45]} 26. Nf5 {[%clk 0:20:26]} Red7
{[%clk 0:26:41]} 27. Bb5 {[%clk 0:20:00]} Nf4 {[%clk 0:26:36]} 28. Kh1 {[%clk
0:18:13]} f6 {[%clk 0:21:28]} 29. exf6 {[%clk 0:16:23]} Kf7 {[%clk 0:20:40]} 30.
h4 {[%clk 0:07:50]} Kxf6 {[%clk 0:20:21]} 31. hxg5+ {[%clk 0:07:23]} Kxg5 {[%clk
0:20:26]} 32. Bxd7 {[%clk 0:07:37]} Rxd7 {[%clk 0:20:49]} 33. Rc8 {[%clk
0:06:35]} N8g6 {[%clk 0:20:28]} 34. Rc3 {[%clk 0:03:24]} Kxg4 {[%clk 0:17:52]}
35. Ne3+ {[%clk 0:03:15]} Kg5 {[%clk 0:17:04]} 36. Ng2 {[%clk 0:00:51]} Ne2
{[%clk 0:16:14]} 37. Rd3 {[%clk 0:00:47]} Re7 {[%clk 0:13:39]} 38. Re1 {[%clk
0:00:38]} Re4 {[%clk 0:12:28]} 39. Re3 {[%clk 0:00:37]} Rxe3 {[%clk 0:08:57]} 40.
Nxe3 {[%clk 0:31:02]} Nxd4 {[%clk 0:35:55]} 41. Nxd5 {[%clk 0:26:52]} Nc2 {[%clk
0:35:06]} 42. Rc1 {[%clk 0:26:38]} Nxa3 {[%clk 0:34:38]} 43. Rc7 {[%clk 0:26:49]}
Kf5 {[%clk 0:32:10]} 44. Ne7+ {[%clk 0:22:42]} Nxe7 {[%clk 0:31:10]} 45. Rxe7
{[%clk 0:23:10]} b6 {[%clk 0:30:51]} 46. Rxa7 {[%clk 0:19:40]} Nc2 {[%clk
0:31:01]} 47. b5 {[%clk 0:18:28]} Nd4 {[%clk 0:30:52]} 48. Rxh7 {[%clk 0:18:07]}
Ke4 {[%clk 0:29:54]} 49. Rb7 {[%clk 0:17:13]} Nxb5 {[%clk 0:30:13]} 50. Rxb6
{[%clk 0:17:37]} Nd4 {[%clk 0:29:53]} 51. Kg2 {[%clk 0:19:59]} Ke3 {[%clk
0:29:54]} 52. Kf1 {[%clk 0:19:50]} Kf3 {[%clk 0:29:29]} 53. Rb4 {[%clk 0:18:52]}
Ke3 {[%clk 0:29:49]} 54. Rb8 {[%clk 0:19:04]} Ke4 {[%clk 0:29:16]} 55. Kf2 {[%clk
0:19:29]} Kf4 {[%clk 0:28:14]} 56. Rb4 {[%clk 0:19:13]} Ke4 {[%clk 0:28:35]} 57.
Kg3 {[%clk 0:19:35]} Ke5 {[%clk 0:28:19]} 58. Rb8 {[%clk 0:19:44]} Ne2+ {[%clk
0:28:26]} 59. Kf3 {[%clk 0:19:57]} Nd4+ {[%clk 0:28:50]} 60. Ke3 {[%clk 0:20:23]}
Nf5+ {[%clk 0:29:07]} 61. Kd3 {[%clk 0:20:43]} Nd6 {[%clk 0:28:51]} 62. Rh8
{[%clk 0:20:32]} Nf5 {[%clk 0:27:56]} 63. Re8+ {[%clk 0:20:02]} Kf4 {[%clk
0:27:39]} 64. Re4+ {[%clk 0:19:47]} Kg5 {[%clk 0:27:26]} 65. Ra4 {[%clk 0:20:00]}
Kf6 {[%clk 0:27:38]} 66. Ke4 {[%clk 0:20:20]} Nd6+ {[%clk 0:27:52]} 67. Kf4
{[%clk 0:20:39]} Ke6 {[%clk 0:27:47]} 68. Ra5 {[%clk 0:20:53]} Kf6 {[%clk
0:28:00]} 69. Rd5 {[%clk 0:20:28]} Ke6 {[%clk 0:28:03]} 70. Rh5 {[%clk 0:20:43]}
Nf7 {[%clk 0:27:19]} 71. Ke4 {[%clk 0:20:46]} Nd6+ {[%clk 0:27:33]} 72. Kd4
{[%clk 0:20:49]} Nf5+ {[%clk 0:27:54]} 73. Kc5 {[%clk 0:20:56]} Ke5 {[%clk
0:28:10]} 74. Rh1 {[%clk 0:21:04]} Ne3 {[%clk 0:28:08]} 75. Rh8 {[%clk 0:20:57]}
Ke4 {[%clk 0:28:21]} 76. Rh4+ {[%clk 0:20:07]} Ke5 {[%clk 0:28:29]} 77. Rh8
{[%clk 0:19:49]} Ke4 {[%clk 0:28:38]} 78. Re8+ {[%clk 0:20:17]} Kd3 {[%clk
0:28:59]} 79. Rd8+ {[%clk 0:18:51]} Ke4 {[%clk 0:28:59]} 80. Rd4+ {[%clk
0:18:51]} Ke5 {[%clk 0:29:23]} 1/2-1/2